000 00764nam a22002417a 4500
005 20170124110106.0
010 _aB-080118
020 _c395.00
_a81863510501
035 _aB-080118
037 _bCen Lib/Ret
040 _aDPL
_bEN
082 _a954.15
_bBAL
100 _aBalokhra, Jag Mohan
_9107353
245 _aThe wonderland Himachal Pradesh :
_cby Jag Mohan Balokhra
_ban encyclopedia /
250 _a15th rev. ed.
260 _aNew Delhi
_bH.G.Publications
_c2003
270 _a77, Madngir Village Market
_bNew Delhi
_e110062
300 _axv,1152p.
_c20cm(Hb)
500 _aIncludes bibliographical reference
650 _aHimachal Pradesh
_zIndia
_927055
650 _aMountain, hill
_9107354
942 _2ddc
_cEN
_h954.15
_mBAL
999 _c130042
_d130042